| Tag |
First Indicator |
Second Indicator |
Subfields |
| LEADER |
00000cam a22000008a 4500 |
| 001 |
in00000028991 |
| 005 |
20151007054755.0 |
| 008 |
870805s1988 enka b 00110 eng |
| 010 |
|
|
|a 87007306
|
| 020 |
|
|
|a 0198272685 :
|c £25.00 (est.) ($50.00 U.S.)
|
| 035 |
|
|
|a (OCoLC)16526632
|
| 035 |
|
|
|9 AAB6173AM
|
| 040 |
|
|
|a DLC
|c DLC
|d TXA
|d UtOrBLW
|
| 049 |
|
|
|a TXAM
|c [A11521325]
|
| 050 |
0 |
0 |
|a HM146
|b .M87 1988
|
| 082 |
0 |
|
|a 305
|2 19
|
| 100 |
1 |
|
|a Murphy, Raymond,
|d 1943-
|
| 245 |
1 |
0 |
|a Social closure :
|b the theory of monopolization and exclusion /
|c Raymond Murphy.
|
| 263 |
|
|
|a 8801
|
| 264 |
|
1 |
|a Oxford [Oxfordshire] :
|b Clarendon Press ;
|a New York :
|b Oxford University Press,
|c 1988.
|
| 300 |
|
|
|a 276 pages :
|b illustrations
|
| 336 |
|
|
|a text
|b txt
|2 rdacontent
|
| 337 |
|
|
|a unmediated
|b n
|2 rdamedia
|
| 338 |
|
|
|a volume
|b nc
|2 rdacarrier
|
| 504 |
|
|
|a Bibliography: pages [259]-270.
|
| 500 |
|
|
|a Includes index.
|
| 650 |
|
0 |
|a Equality.
|
| 650 |
|
0 |
|a Social classes.
|
| 650 |
|
0 |
|a Dominance (Psychology)
|
| 999 |
|
|
|a MARS
|
| 999 |
f |
f |
|s d67bb639-b44e-38f2-bc1c-eb60dcdb9c88
|i 05cbfcfc-18b6-3705-9212-6c98a748594b
|t 0
|
| 952 |
f |
f |
|p ric
|a Texas A&M University
|b Rellis Campus
|c Joint Library Facility
|d Remote Storage
|t 0
|e HM146 .M87 1988
|h Library of Congress classification
|i unmediated -- volume
|m A14811521325
|
| 998 |
f |
f |
|a HM146 .M87 1988
|t 0
|l Remote Storage
|